Evaluating the EU’s response to the US Global Gag Rule State of play and challenges ahead /

Detalles Bibliográficos
Autor principal: Jeney, Petra
Otros Autores: Cotroneo, Clara
Formato: eBook
Lenguaje:inglés
Publicado: Bruselas: European Union Publications Office, 2020
Materias:
Acceso en línea:Acceso restringido

MARC

LEADER 00000nam a22000007a 4500
005 20210825223320.0
007 cr|||| ||||
008 210825s2020 eu |||||s|||| 00||0 eng d
020 |a 978-92-846-7067-3 
035 |a 34184 
040 |a vLex 
090 |c 12126  |d 12126 
100 1 |a Jeney, Petra 
245 1 0 |a Evaluating the EU’s response to the US Global Gag Rule  |h [Recurso electrn̤ico] :  |b State of play and challenges ahead /  |c Petra Jeney, Clara Cotroneo 
256 |a Servicio en ln̕ea 
260 |a Bruselas:  |b European Union Publications Office,  |c 2020 
300 |a 1 recurso electrn̤ico 
500 |a This study commissioned by the European Parliament’s Policy Department for Citizens’ Rights and Constitutional Affairs at the request of the FEMM Committee, maps out the challenges the European Union faces in promoting sexual and reproductive health and rights and the prevention of gender based violence in its external action, especially in providing aid to developing countries against the backdrop of US Global Gag Rule. The European Union is a leading actor in promoting sexual and reproductive health and rights (SRHR) worldwide. The recent restoration of the Mexico City Policy – also known as Global Gag Rule – by the US administration in 2017, and its further expansion in 2019 put a break on progress made in the field of SRHR globally. In this context, the European Institutions and the EU Member States have mobilized political and financial resources to support SRHR programmes worldwide and contribute to the advancement of Sustainable Development Goals related to good health and well-being (SDG 3) and gender equality (SDG 5). However, the EU and Member States’ responses to the challenges brought about by the Mexico City Policy are still fragmented. In addition, political and cultural beliefs in EU and partner countries and the emerging political crisis (Brexit) and health crisis (Covid-19 pandemic) need to be taken into account when formulating future responses. 
506 1 |a Disponible solo en los productos indicados  |d vLex Global  |d vLex Global (Academic Edition, excluding Law Schools)  |d vLex Global (U.S. Academic Edition, Law Schools)  |d vLex Global (U.S. Academic Edition, excluding Law Schools)  |d vLex Global (Academic Edition, Law Schools) 
650 0 4 |a Derecho Pb︢lico y Administrativo  |z Unin̤ Europea 
700 1 |a Cotroneo, Clara 
740 0 |a vLex Libros (Servicio en ln̕ea) 
856 4 0 |u https://app.vlex.com/#/sources/34184  |z Acceso restringido 
942 |c BOOK 
999 0 |a Public and Administrative Law